01624nam a2200253 i 4500001001000000003000900010005001700019007000300036008004100039020001800080040003000098082000700128100002500135245015100160264003600311300002800347336002700375337003300402338002800435500004600463504003200509505078300541700004601324000047476DO-SdBNP20250321073607.0ta180704s2017 dr 000 0 spa d a9789945088809 aDO-SdBNPbspacBNPHUerda 4222 aPeralta, Luz,eautor10aNo es lo mismo ni es igual :bdudas lexicológicas en el lenguaje cotidiano de los dominicanos /cLuz Peralta ; prólogo, Rafael Peralta Romero. aSanto Domingo :bBúho,c2017. a164 páginas ;c24 cm. 2rdacontentatextobtxt 2rdamediaasin mediaciónbn 2rdacarrieravolumenbnc aIncluye datos biografícos de la autora. aBibliografía : p. 163-1640 aPrólogo -- Nota introductoria -- Lenguaje, lengua y lingüística. Lexicología y léxico. Gramática y sus partes -- Significante. Significado y sus clases. La semántica. Monosemia -- Relaciones semánticas entre palabras. Relaciones independientes, de intersección, de inclusión y de ambigüedad. La polisemia, definición y causas -- ¿Por qué cambian las palabras de significado?. Palabras compuestas, unidas o separadas. Locuciones o expresiones unidas o separadas según su significado. El alfabeto español. Los dígrafos -- Recopilación, en orden alfabético, de términos que generan dudas en el lenguaje cotidiano de los dominicanos -- Palabras que generan dudas en los dígrafos ¨LL¨ y ¨CH¨-- Bibliografía y fuentes de documentación.1 aPeralta Romero, Rafael,d1948-eprólogo